Manual práctico de refrigeración y aire acondicionado
Guardat en:
| Autor principal: | |
|---|---|
| Format: | Llibre |
| Idioma: | espanyol |
| Publicat: |
Bogotá
Alfaomega
2007
Bogotá Marcombo 2007 |
| Edició: | 1a. ed |
| Matèries: | |
| Etiquetes: |
Afegir etiqueta
Sense etiquetes, Sigues el primer a etiquetar aquest registre!
|
MARC
| LEADER | 00000nam a2200000 a 4500 | ||
|---|---|---|---|
| 001 | UCH2840 | ||
| 003 | CL-VaPUC | ||
| 008 | 090702e20070000CK |||||||||||||||||spa|d | ||
| 020 | |a 9789586826679 | ||
| 082 | 0 | 4 | |a 621.56 |b BUQ |2 21 |
| 100 | 0 | |a Buqué, Francesc |e author |9 537909 | |
| 245 | 1 | 0 | |a Manual práctico de refrigeración y aire acondicionado |
| 250 | |a 1a. ed | ||
| 300 | |a 3 t | ||
| 942 | |c BK | ||
| 945 | |d 20090702 00:00:00 |a rbrito | ||
| 260 | |a Bogotá |b Alfaomega |c 2007 | ||
| 260 | |a Bogotá |b Marcombo |c 2007 | ||
| 500 | |a Incluye Dvd | ||
| 650 | 0 | |a Refrigeración |9 259343 | |
| 650 | 0 | |a Aire acondicionado |9 259344 | |
| 650 | 7 | |a CORRIENTE ELECTRICA |2 CL-VaPUC |9 430925 | |
| 650 | 0 | |a Motores eléctricos |9 260085 | |
| 650 | 7 | |a ELECTRONICA BASICA |2 CL-VaPUC |9 537910 | |
| 650 | 7 | |a COMPRESOR |2 CL-VaPUC |9 537911 | |
| 650 | 7 | |a CONDENSADOR |2 CL-VaPUC |9 534152 | |
| 650 | 0 | |a Termistores |9 361127 | |
| 650 | 7 | |a RELES |2 CL-VaPUC |9 427994 | |
| 650 | 0 | |a Rectificadores |9 356877 | |
| 583 | |a last modification |c 20130421 11:35:35 |k Rodrigo Vera | ||
| 999 | |c 334527 |d 334525 | ||
| 952 | |0 0 |1 0 |4 0 |6 621_560000000000000_BUQ_2007_2007 |7 0 |8 A |9 423615 |a BIBMEC |b BIBMEC |d 2019-11-22 |h t.1 |i 4569733 |o 621.56 BUQ 2007 2007 |p 4569733 |r 2024-01-19 |w 2019-11-22 |y BK |k MEC | ||
| 952 | |0 0 |1 0 |4 0 |6 621_560000000000000_BUQ_2007_2007 |7 0 |8 A |9 423616 |a BIBMEC |b BIBMEC |d 2019-11-22 |h t.2 |i 4569741 |l 1 |o 621.56 BUQ 2007 2007 |p 4569741 |r 2024-01-19 |s 2022-12-02 |w 2019-11-22 |y BK |k MEC | ||
| 952 | |0 0 |1 0 |4 0 |6 621_560000000000000_BUQ_2007_2007 |7 0 |8 A |9 423617 |a BIBMEC |b BIBMEC |d 2019-11-22 |h t.3 |i 456975K |o 621.56 BUQ 2007 2007 |p 456975K |r 2024-01-19 |w 2019-11-22 |y BK |k MEC | ||
| 952 | |0 0 |1 0 |4 0 |6 621_560000000000000_BUQ_2007_2007 |7 0 |8 A |9 423618 |a BIBMEC |b BIBMEC |d 2019-11-22 |h t.1 |i 457012K |l 1 |o 621.56 BUQ 2007 2007 |p 457012K |r 2024-01-19 |s 2022-12-02 |w 2019-11-22 |y BK |k MEC | ||
| 952 | |0 0 |1 0 |4 0 |6 621_560000000000000_BUQ_2007_2007 |7 0 |8 A |9 423619 |a BIBMEC |b BIBMEC |d 2019-11-22 |h t.2 |i 4570138 |o 621.56 BUQ 2007 2007 |p 4570138 |r 2024-01-19 |w 2019-11-22 |y BK |k MEC | ||
| 952 | |0 0 |1 0 |4 0 |6 621_560000000000000_BUQ_2007_2007 |7 0 |8 A |9 423620 |a BIBMEC |b BIBMEC |d 2019-11-22 |h t.3 |i 4570146 |o 621.56 BUQ 2007 2007 |p 4570146 |r 2024-01-19 |w 2019-11-22 |y BK |k MEC | ||